Countries and Territories in the North American Plate - Statistics

General Stats
  • This quiz has been taken 9 times
  • The average score is 13 of 18
Answer Stats
Answer % Correct
Canada
100%
United States
100%
Bahamas
83%
Belize
83%
Cuba
83%
Greenland
83%
Guatemala
83%
Haiti
83%
Mexico
83%
Bermuda
67%
Dominican Republic
67%
Iceland
67%
Azores
50%
Cayman Islands
50%
Russia
50%
Saint Pierre and Miquelon
50%
Japan
33%
Turks and Caicos Islands
33%
No matching quizzes found
Score Distribution
Percent of People with Each Score
Percentile by Number Answered
Your Score History
You have not taken this quiz